000 00726nam a22002417a 4500
005 20170124105922.0
010 _aA-682572
020 _c00
035 _aA-682572
037 _bCen Lib/Ret
040 _aDPL
_bEN
082 _a306.7
_bUND
245 _aUncertain liaisons /
_cedited by Khushwant Singh, Shobna De
246 _b
260 _bPenguin Books India
_c1993
_aNew Delhi
270 _bNew Delhi
_a210,chiranjiv tower, nehru place
_e110019
300 _axxv, 231p.:
_c20cm(Hb)
_bill.
650 _aSocial Problems
_9108396
650 _aSexual Relations
_xWomen
_yIndia
_9108397
700 _aKhushwant Singh
_94831
700 _aDE, Shobha
_94832
942 _2ddc
_cEN
_h306.7
_mUNC
999 _c123221
_d123221